Normal view
MARC view
Entry Personal Name
001 - CONTROL NUMBER
- control field: 908225
003 - CONTROL NUMBER IDENTIFIER
- control field: OSt
005 - DATE AND TIME OF LATEST TRANSACTION
- control field: 20260120124610.0
008 - FIXED-LENGTH DATA ELEMENTS
- fixed length control field: 260120|| aca||aabn | a|a d
040 ## - CATALOGING SOURCE
- Original cataloging agency: OSt
- Transcribing agency: OSt
100 ## - HEADING--PERSONAL NAME
- Personal name: Kjell Andersson
670 ## - SOURCE DATA FOUND
- Source citation: Work cat.: (OSt)1500115: Beyond the Rural-Urban Divide: Cross-Continental Perspectives on the Differentiated Countryside and its Regulation, 2009
